East into upper east : (Record no. 6015)
[ view plain ]
| 000 -LEADER | |
|---|---|
| fixed length control field | 00560cam a22001932 4500 |
| 001 - CONTROL NUMBER | |
| control field | 0000002798 |
| 005 - DATE AND TIME OF LATEST TRANSACTION | |
| control field | 20151217151904.0 |
| 008 - FIXED-LENGTH DATA ELEMENTS--GENERAL INFORMATION | |
| fixed length control field | 070419s xx 000 0 eng d |
| 020 ## - INTERNATIONAL STANDARD BOOK NUMBER | |
| International Standard Book Number | 1887178503 : |
| 040 ## - CATALOGING SOURCE | |
| Original cataloging agency | KABU |
| Transcribing agency | KABU |
| 050 #0 - LIBRARY OF CONGRESS CALL NUMBER | |
| Classification number | PR9499.3 |
| Item number | .J5E27 |
| 100 1# - MAIN ENTRY--PERSONAL NAME | |
| Personal name | Jhabval, Ruth Prawer. |
| -- | 0000152309 |
| 245 10 - TITLE STATEMENT | |
| Title | East into upper east : |
| Remainder of title | Plain tales from New York and New Delhi. |
| 260 ## - PUBLICATION, DISTRIBUTION, ETC. (IMPRINT) | |
| Place of publication, distribution, etc. | Washington, DC : |
| Name of publisher, distributor, etc. | Counterpoint, |
| Date of publication, distribution, etc. | 1998. |
| 300 ## - PHYSICAL DESCRIPTION | |
| Extent | 314 p. |
| 908 ## - PUT COMMAND PARAMETER (RLIN) | |
| Put command parameter | 070419 |
| 950 ## - LOCAL HOLDINGS (RLIN) | |
| -- | 1 |
| Withdrawn status | Lost status | Source of classification or shelving scheme | Not for loan | Home library | Current library | Date acquired | Total Checkouts | Full call number | Barcode | Date last seen | Price effective from | Koha item type |
|---|---|---|---|---|---|---|---|---|---|---|---|---|
| Library of Congress Classification | Kabarak, Main Campus | Kabarak, Main Campus | 17/12/2015 | PR9499.3 .J5E27 | 004501 | 17/12/2015 | 17/12/2015 | General Collection |